Departamentos de la Gran Colombia en un Mapa - Estadísticas

Estadísticas generales
  • Esta prueba ha sido intentada 46 veces
  • La puntuación promedio es 5 de 14
Respuestas en el mapa
Las respuestas están codificadas por una escala verde-roja en el mapa de la prueba según el % correcto abajo.
 
Estadísticas de respuestas
Respuesta % Correcto
Guayaquil
68%
Ecuador
59%
Cundinamarca
54%
Venezuela
54%
Cauca
51%
Magdalena
49%
Zulia
38%
Boyacá
35%
Orinoco
35%
Apure
27%
Istmo
24%
Azuay
22%
Costa de los Mosquitos
11%
Maturín
5%
No se encontraron pruebas coincidentes
Distribución de puntuación
Porcentaje de gente con cada puntuación
Porcentaje por número respondido
Historial de tus puntuaciones
No has intentado esta prueba.